<?xml version="1.0" encoding="UTF-8"?>
<record
    xmlns:xsi="http://www.w3.org/2001/XMLSchema-instance"
    xsi:schemaLocation="http://www.loc.gov/MARC21/slim http://www.loc.gov/standards/marcxml/schema/MARC21slim.xsd"
    xmlns="http://www.loc.gov/MARC21/slim">

  <leader>01043caa a22002292a 4500</leader>
  <controlfield tag="001">  014061</controlfield>
  <controlfield tag="003">  AR-FADEU</controlfield>
  <controlfield tag="008">  311216n########xxu####################dd</controlfield>
  <datafield tag="092" ind1=" " ind2=" ">
    <subfield code="a">822.914</subfield>
    <subfield code="b">W511t</subfield>
  </datafield>
  <datafield tag="100" ind1=" " ind2=" ">
    <subfield code="a">Wesker, Arnold</subfield>
  </datafield>
  <datafield tag="245" ind1=" " ind2=" ">
    <subfield code="a">Chicken soup with Barley</subfield>
  </datafield>
  <datafield tag="300" ind1=" " ind2=" ">
    <subfield code="a">PP. 9-78</subfield>
  </datafield>
  <datafield tag="500" ind1=" " ind2=" ">
    <subfield code="a">En: The wesker trilogy / Arnold Wesker. Harmondsworth : Penguin Books, 1969 </subfield>
  </datafield>
  <datafield tag="650" ind1=" " ind2=" ">
    <subfield code="a">LITERATURA INGLESA-SIGLO XX; TEATRO/REVISADO/</subfield>
  </datafield>
  <datafield tag="546" ind1=" " ind2=" ">
    <subfield code="a">ingl&#xE9;s</subfield>
  </datafield>
  <datafield tag="942" ind1=" " ind2=" ">
    <subfield code="c">BDGR</subfield>
  </datafield>
  <datafield tag="773" ind1="0" ind2=" ">
    <subfield code="0">19823</subfield>
    <subfield code="9">19716</subfield>
    <subfield code="a">Wesker, Arnold</subfield>
    <subfield code="b"></subfield>
    <subfield code="d">Harmondsworth</subfield>
    <subfield code="o">04579</subfield>
    <subfield code="t">The wesker trilogy</subfield>
    <subfield code="w">(  AR-FADEU)  014059</subfield>
    <subfield code="x"></subfield>
    <subfield code="z"></subfield>
  </datafield>
  <datafield tag="773" ind1="0" ind2=" ">
    <subfield code="0">19823</subfield>
    <subfield code="9">19717</subfield>
    <subfield code="a">Wesker, Arnold</subfield>
    <subfield code="b"></subfield>
    <subfield code="d">Harmondsworth</subfield>
    <subfield code="o">06278</subfield>
    <subfield code="t">The wesker trilogy</subfield>
    <subfield code="w">(  AR-FADEU)  014059</subfield>
    <subfield code="x"></subfield>
    <subfield code="z"></subfield>
  </datafield>
  <datafield tag="773" ind1="0" ind2=" ">
    <subfield code="0">19823</subfield>
    <subfield code="9">19718</subfield>
    <subfield code="a">Wesker, Arnold</subfield>
    <subfield code="b"></subfield>
    <subfield code="d">Harmondsworth</subfield>
    <subfield code="o">01605</subfield>
    <subfield code="t">The wesker trilogy</subfield>
    <subfield code="w">(  AR-FADEU)  014059</subfield>
    <subfield code="x"></subfield>
    <subfield code="z"></subfield>
  </datafield>
  <datafield tag="773" ind1="0" ind2=" ">
    <subfield code="0">19832</subfield>
    <subfield code="9">19725</subfield>
    <subfield code="a">Wesker, Arnold</subfield>
    <subfield code="b"></subfield>
    <subfield code="d">Harmondsworth</subfield>
    <subfield code="o">04585</subfield>
    <subfield code="t">Trilog&#xED;a :</subfield>
    <subfield code="w">(  AR-FADEU)  014068</subfield>
    <subfield code="x"></subfield>
    <subfield code="z"></subfield>
  </datafield>
  <datafield tag="773" ind1="0" ind2=" ">
    <subfield code="0">25679</subfield>
    <subfield code="9">24998</subfield>
    <subfield code="a">Wesker, Arnold</subfield>
    <subfield code="b"></subfield>
    <subfield code="d">Harmondsworth</subfield>
    <subfield code="o">05280</subfield>
    <subfield code="t">Three plays</subfield>
    <subfield code="w">(  AR-FADEU)  019954</subfield>
    <subfield code="x"></subfield>
    <subfield code="z"></subfield>
  </datafield>
  <datafield tag="999" ind1=" " ind2=" ">
    <subfield code="c">19825</subfield>
    <subfield code="d">19825</subfield>
  </datafield>
</record>
